000 00672nam a2200181Ia 4500
008 100920s9999 xx 000 0 und d
082 _b75135
_a891.43 0
100 _aनीलाभ.
245 _aमनुष्य महाबली कैसे बना खंड-1.
260 _bउपासना प्रकाशन, इलाहाबाद.
_c0
300 _a107
_bसाधी
365 _b85
520 _aहिंदी.
630 _aमनुष्य महाबली कैसे बना खंड-1.
650 _aहिंदी.
730 _aमनुष्य महाबली कैसे बना खंड-1.
942 _cBOOK
999 _c716673
_d716670